书目信息 |
| 题名: |
物联网大趋势
|
|
| 作者: | 张铎 著 | |
| 分册: | ||
| 出版信息: | 北京 清华大学出版社 2010 |
|
| 页数: | 244页 | |
| 开本: | 24cm | |
| 丛书名: | ||
| 单 册: | ||
| 中图分类: | F253.9 , TP18 | |
| 科图分类: | ||
| 主题词: | 互联网络--应用 , 智能技术--应用 , 互联网络 , 智能技术 , 物资经济 | |
| 电子资源: | ||
| ISBN: | 978-7-302-23183-7 | |
| 000 | 01092nam0 2200337 450 | |
| 001 | 004910821 | |
| 005 | 20110323110130.06 | |
| 010 | @a978-7-302-23183-7@dCNY33.00 | |
| 035 | @a004910821 | |
| 100 | @a20100918d2010 em y0chiy0110 ea | |
| 101 | 0 | @achi |
| 102 | @aCN@b110000 | |
| 105 | @aa z 000yy | |
| 106 | @ar | |
| 200 | 1 | @a物联网大趋势@9wu lian wang da qu shi@dInternet of things@f张铎著@zeng |
| 210 | @a北京@c清华大学出版社@d2010 | |
| 215 | @a244页@c图@d24cm | |
| 300 | @a畅想物联网·中国 | |
| 330 | @a本书通过引用大量的文献资料,特别是互联网上的最新资讯,介绍了物联网的基本知识。全书共分8章,分别是物联网元年、物联网定义、物联网发展、物联网架构、物联网公共技术、物联网应用、物联网展望以及物联网对话。 | |
| 510 | 1 | @aInternet of things@zeng |
| 606 | 0 | @a互联网络@x应用 |
| 606 | 0 | @a智能技术@x应用 |
| 606 | 0 | @a互联网络 |
| 606 | 0 | @a智能技术 |
| 606 | 0 | @a物资经济 |
| 610 | 0 | @a物联网 |
| 690 | @aF253.9@v4 | |
| 690 | @aTP18@v4 | |
| 701 | 0 | @a张铎@9zhang duo@f(1956~)@4著 |
| 801 | 0 | @aCN@bNLC@c20110323 |
| 905 | @b205992666-693@h599266-69@dF253.9@e174@f4 | |
| 物联网大趋势=Internet of things/张铎著.-北京:清华大学出版社,2010 |
| 244页:图;24cm |
| 畅想物联网·中国 |
| ISBN 978-7-302-23183-7:CNY33.00 |
| 本书通过引用大量的文献资料,特别是互联网上的最新资讯,介绍了物联网的基本知识。全书共分8章,分别是物联网元年、物联网定义、物联网发展、物联网架构、物联网公共技术、物联网应用、物联网展望以及物联网对话。 |
| ● |
| 相关链接 |
|
|
|
|
正题名:物联网大趋势
索取号:F253.9/174
 
预约/预借
| 序号 | 登录号 | 条形码 | 馆藏地/架位号 | 状态 | 备注 |
| 1 | 599266 | 205992666 | 第一样本阅览室/ [索取号:F253.9/174] | 在馆 | |
| 2 | 599267 | 205992675 | 第一借阅区/ [索取号:F253.9/174] | 在馆 | |
| 3 | 599268 | 205992684 | 第一借阅区/ [索取号:F253.9/174] | 在馆 | |
| 4 | 599269 | 205992693 | 第一借阅区/ [索取号:F253.9/174] | 在馆 |